Yüklüyor......

Weather, Readers digest explores

Detaylı Bibliyografya
Yazar: Readers Digest
Materyal Türü: Printed Book
Baskı/Yayın Bilgisi: Newyork, Readers Digest 1997
Konular:
LEADER 005220000a22001690004500
020 |a 0 89577 975 7 
082 |a 551.6 REA 
100 |a Readers Digest  |9 143752 
245 |a Weather, Readers digest explores 
260 |a Newyork, Readers Digest 
260 |c 1997 
650 |a Climatic zones  |9 143753 
650 |a Forecasting  |9 143754 
650 |a Weather  |9 143755 
942 |c BK 
999 |c 179226  |d 179222 
952 |0 0  |1 0  |4 0  |6 551_600000000000000_REA  |7 0  |9 177714  |a SES  |b SES  |d 2019-05-16  |l 0  |o 551.6 REA  |p SES02866  |r 2019-05-16  |w 2019-05-16  |y BK